مناهج الصواب و علم الإعراب / (رقم التسجيلة. 28034)

تفاصيل مارك
000 -الفاتح
عناصر البيانات ثابتة الطول 00804cam a2200193 i 4500
005 - تاريخ ووقت آخر معاملة
حقل ضبط 20251125095715.0
008 - عناصر البيانات ثابتة الطول
عناصر البيانات ثابتة الطول 250721s2002 jo gr 000 0 ara d
082 14 - رقم تصنيف ديوي العشري
رقم التصنيف 415.1
رقم المادة ح و ي
100 1# - مدخل رئيسي – اسم شخصي
الاسم الشخصي الحوبزي، عبد الله بن ناصر إبن رحمة
تواريخ خاصة بالشخص (1591 - 1664)ه،
علاقة الشخص بالعمل/ دوره مؤلف.
245 10 - بيان العنوان
العنوان مناهج الصواب و علم الإعراب /
بيان المسؤولية ابن رحمة 1591-1664 ؛ دراسة وتحقيق الدكتور عبدالرحمن كريم اللامي.
250 ## - بيان الطبعة
بيان الطبعة الطبعة الاولى.
264 31 - بيانات النشر، التوزيع…إلخ
مكان النشر، التوزيع...إلخ عمان :
اسم الناشر، الموزع...إلخ دار العلمية الدولية للنشر والتوزيع،
تاريخ النشر، التوزيع...إلخ 2002.
300 ## - الوصف المادي
عدد الوحدات المكونة للوعاء 211 صفحة.
650 17 - مدخل إضافي بالموضوع - مصطلح موضوعي
مصطلح موضوعي أو اسم جغرافي كعنصر مدخل قواعد اللغة.
650 17 - مدخل إضافي بالموضوع - مصطلح موضوعي
مصطلح موضوعي أو اسم جغرافي كعنصر مدخل الإعراب.
650 17 - مدخل إضافي بالموضوع - مصطلح موضوعي
مصطلح موضوعي أو اسم جغرافي كعنصر مدخل الأسماء (نحو).
942 ## - بيانات إضافية (كوها)
نوع التنصيف Dewey Decimal Classification
نوع المادة (كوها) كتب
المقتنيات
حالة السحب حالة الفقدان مصدر التصنيف حالة التلف غير قابل للإعارة المكتبة الرئيسية المكتبة الحالية موقع الرف تاريخ التزويد الرقم المتسلسل Total Checkouts رقم الإستدعاء الباركود تاريخ آخر ظهور تاريخ الفاتورة نوع المادة (كوها)
    Dewey Decimal Classification     المكتبة المركزية المكتبة المركزية الإعارة 06/07/2004 548459   415.1 / ح و ي 548459 28/07/2025 06/07/2004 كتب
    Dewey Decimal Classification     المكتبة المركزية المكتبة المركزية الإعارة 06/07/2004 548460   415.1/حوي 548460 28/07/2025 06/07/2004 كتب
    Dewey Decimal Classification     المكتبة المركزية المكتبة المركزية الإعارة 06/07/2004 548461   415.1/حوي 548461 28/07/2025 06/07/2004 كتب
    Dewey Decimal Classification     المكتبة المركزية المكتبة المركزية مقتنيات قسم التزويد 28/07/2025 1489236   415.1/حوي   28/07/2025 28/07/2025 كتب
    Dewey Decimal Classification     المكتبة المركزية المكتبة المركزية   28/07/2025 1759146   415.1/حوي   28/07/2025 28/07/2025 كتب
    Dewey Decimal Classification     مكتبة أبو علندا العامة مكتبة أبو علندا العامة الإعارة 10/08/2015 548470   415.1/حوي PLD00341265 28/07/2025 10/08/2015 كتب
    Dewey Decimal Classification     مكتبة الأميرة ايمان العامة مكتبة الأميرة ايمان العامة الإعارة 30/09/2013 548463   415.1/حوي PLD00280834 28/07/2025 30/09/2013 كتب
    Dewey Decimal Classification     مكتبة حمزة العامة مكتبة حمزة العامة الإعارة 18/10/2015 548468   415.1/حوي PLD00356771 28/07/2025 18/10/2015 كتب
    Dewey Decimal Classification     مكتبة صويلح العامة مكتبة صويلح العامة الإعارة 22/05/2019 548464   415.1/حوي PLD00453380 28/07/2025 22/05/2019 كتب
Implemented & Customized by: BBB with SCIT (Smart Chains for Information Technology)

Powered by Koha